Os maiores conquistadores de terra da história!! - Statistics

Estatísticas Gerais
  • Esse quiz foi jogado 203 vezes
  • A pontuação média é 3 de 10
Estatísticas das Respostas
km² conquistados Resposta % Correto
5.646.200 km² Alexandre, o Grande
84%
12.857.400 km² Gengis Khan
64%
1.864.800 km² Napoleão Bonaparte
59%
3.548.300 km² Adolf Hitler
42%
3.755.500 km² Átila, o Huno
12%
5.413.100 km ² Ciro, o Grande
10%
1.243.200 km² Francisco Pizarro
10%
5.555.550 km² Tamerlão
10%
815.850 km² Hernán Cortez
7%
1.761.200 km² Mahmud de Ghazni
4%
Nenhum quiz correspondente encontrado
Distribuição das Pontuações
Porcentagem de Pessoas com Cada Pontuação
Percentil de Números Respondidos
Sua Pontuação Histórica
Você não jogou esse quiz